Kahe faqīr : (Record no. 332219)
[ view plain ]
| 000 -LEADER | |
|---|---|
| fixed length control field | 01737cam a2200445 i 4500 |
| 001 - CONTROL NUMBER | |
| control field | 16848154 |
| 003 - CONTROL NUMBER IDENTIFIER | |
| control field | NUST |
| 005 - DATE AND TIME OF LATEST TRANSACTION | |
| control field | 20180425044636.0 |
| 008 - FIXED-LENGTH DATA ELEMENTS--GENERAL INFORMATION | |
| fixed length control field | 110629s2011 pk 000 0 urd |
| 010 ## - LIBRARY OF CONGRESS CONTROL NUMBER | |
| LC control number | 2011325482 |
| 020 ## - INTERNATIONAL STANDARD BOOK NUMBER | |
| International Standard Book Number | 9789695732991 |
| 025 ## - OVERSEAS ACQUISITION NUMBER | |
| Overseas acquisition number | P-U-2011325482; 06 |
| 037 ## - SOURCE OF ACQUISITION | |
| Source of stock number/acquisition | Library of Congress -- Islamabad Overseas Office |
| Terms of availability | Rs 575 |
| 040 ## - CATALOGING SOURCE | |
| Original cataloging agency | DLC |
| Language of cataloging | eng |
| Transcribing agency | DLC |
| Description conventions | rda |
| 042 ## - AUTHENTICATION CODE | |
| Authentication code | lcode |
| 050 00 - LIBRARY OF CONGRESS CALL NUMBER | |
| Classification number | BP189 |
| Item number | .S38858 2011 |
| 066 ## - CHARACTER SETS PRESENT | |
| Alternate G0 or G1 character set | (4 |
| -- | (3 |
| 082 ## - DEWEY DECIMAL CLASSIFICATION NUMBER | |
| Classification number | 297.4 |
| Author Mark | SHA |
| 100 1# - MAIN ENTRY--PERSONAL NAME | |
| Linkage | 880-01 |
| Personal name | Shāh, Sarfarāz Ae. |
| Dates associated with a name | 1944- |
| 9 (RLIN) | 6555 |
| 245 10 - TITLE STATEMENT | |
| Linkage | 880-02 |
| Title | Kahe faqīr : |
| Remainder of title | dil kī gahrāʼiyon̲ se nikalī rūḥānī guftugū / |
| Statement of responsibility, etc. | Sarfarāz Ae Shāh. |
| 264 #1 - PRODUCTION, PUBLICATION, DISTRIBUTION, MANUFACTURE, AND COPYRIGHT NOTICE | |
| Linkage | 880-03 |
| Place of production, publication, distribution, manufacture | Lāhaur : |
| Name of producer, publisher, distributor, manufacturer | Jahāngīr Buks, |
| Date of production, publication, distribution, manufacture, or copyright notice | 2011. |
| 300 ## - PHYSICAL DESCRIPTION | |
| Extent | 243 pages ; |
| Dimensions | 25 cm.+ |
| Accompanying material | 1 CD (4 3/4 in.) |
| 336 ## - CONTENT TYPE | |
| Materials specified | book |
| Content type term | text |
| Content type code | txt |
| Source | rdacontent |
| 336 ## - CONTENT TYPE | |
| Materials specified | CD-ROM |
| Content type term | text |
| Content type code | txt |
| Source | rdacontent |
| 337 ## - MEDIA TYPE | |
| Materials specified | book |
| Media type term | unmediated |
| Media type code | n |
| Source | rdamedia |
| 337 ## - MEDIA TYPE | |
| Materials specified | CD-ROM |
| Media type term | computer |
| Media type code | c |
| Source | rdamedia |
| 338 ## - CARRIER TYPE | |
| Materials specified | book |
| Carrier type term | volume |
| Carrier type code | nc |
| Source | rdacarrier |
| 338 ## - CARRIER TYPE | |
| Materials specified | CD-ROM |
| Carrier type term | computer disc |
| Carrier type code | cd |
| Source | rdacarrier |
| 520 ## - SUMMARY, ETC. | |
| Summary, etc. | On sufism and religious life in Islam. |
| 546 ## - LANGUAGE NOTE | |
| Language note | In Urdu. |
| 650 #0 - SUBJECT ADDED ENTRY--TOPICAL TERM | |
| Topical term or geographic name entry element | Sufism. |
| 9 (RLIN) | 6129 |
| 650 #0 - SUBJECT ADDED ENTRY--TOPICAL TERM | |
| Topical term or geographic name entry element | Sufism |
| General subdivision | Customs and practices. |
| 9 (RLIN) | 6556 |
| 650 #0 - SUBJECT ADDED ENTRY--TOPICAL TERM | |
| Topical term or geographic name entry element | Religious life |
| General subdivision | Islam. |
| 9 (RLIN) | 6557 |
| 880 1# - ALTERNATE GRAPHIC REPRESENTATION | |
| Linkage | 100-01/(3/r |
| Title | شاه، سرفراز اے. |
| d | 1944- |
| 880 10 - ALTERNATE GRAPHIC REPRESENTATION | |
| Linkage | 245-02/(4/r |
| Title | کہے فقير : |
| b | دل کى گهرائيوں سے نکلى روحانى گفتگو / |
| c | سرفراز اے شاه. |
| 880 #1 - ALTERNATE GRAPHIC REPRESENTATION | |
| Linkage | 264-03/(3/r |
| Title | لاهور : |
| b | جهانگير بکس، |
| c | 2011. |
| 906 ## - LOCAL DATA ELEMENT F, LDF (RLIN) | |
| a | 7 |
| b | cbc |
| c | origode |
| d | 3 |
| e | ncip |
| f | 20 |
| g | y-nonroman |
| 942 ## - ADDED ENTRY ELEMENTS (KOHA) | |
| Source of classification or shelving scheme | |
| Koha item type | Book |
| Withdrawn status | Lost status | Source of classification or shelving scheme | Damaged status | Not for loan | Permanent Location | Current Location | Shelving location | Date acquired | Full call number | Barcode | Date last seen | Copy number | Price effective from | Koha item type |
|---|---|---|---|---|---|---|---|---|---|---|---|---|---|---|
| Central Library (CL) | Central Library (CL) | First Floor - Islam | 11/20/2017 | 297.4 SHA | CL268 | 07/17/2023 | 1 | 11/20/2017 | Book |
